<?xml version="1.0" encoding="UTF-8"?>
<record
    xmlns:xsi="http://www.w3.org/2001/XMLSchema-instance"
    xsi:schemaLocation="http://www.loc.gov/MARC21/slim http://www.loc.gov/standards/marcxml/schema/MARC21slim.xsd"
    xmlns="http://www.loc.gov/MARC21/slim">

  <leader>02573nam a22003377a 4500</leader>
  <datafield tag="999" ind1=" " ind2=" ">
    <subfield code="c">21733</subfield>
    <subfield code="d">21733</subfield>
  </datafield>
  <controlfield tag="003">AR-CdUCM</controlfield>
  <controlfield tag="008">190425b           ||||| |||| 00| 0 spa d</controlfield>
  <datafield tag="040" ind1=" " ind2=" ">
    <subfield code="a">MUNICIPALIDAD PROVINCIAL DEL CUSCO</subfield>
    <subfield code="c">BIBLIOTECA MUNICIPAL DEL CUSCO</subfield>
  </datafield>
  <datafield tag="082" ind1=" " ind2=" ">
    <subfield code="a">Rev.Univ/N&#xB0;76/1939</subfield>
    <subfield code="b">Rev.Univ/N&#xB0;76/1939</subfield>
  </datafield>
  <datafield tag="110" ind1=" " ind2=" ">
    <subfield code="a">Universidad Nacional de San Antonio Abad del Cusco</subfield>
    <subfield code="9">15942</subfield>
  </datafield>
  <datafield tag="245" ind1=" " ind2=" ">
    <subfield code="a">Revista Universitaria :</subfield>
    <subfield code="b">&#xD3;rgano de la Universidad del Cuzco /</subfield>
  </datafield>
  <datafield tag="260" ind1=" " ind2=" ">
    <subfield code="a">Cusco :</subfield>
    <subfield code="b">H. G. Rozas,</subfield>
    <subfield code="c">1939.</subfield>
  </datafield>
  <datafield tag="300" ind1=" " ind2=" ">
    <subfield code="a">258 p&#xE1;ginas. :</subfield>
    <subfield code="c">20 cm.</subfield>
  </datafield>
  <datafield tag="440" ind1=" " ind2=" ">
    <subfield code="a">Revista Universitaria</subfield>
    <subfield code="n">A&#xF1;o XXVIII, 1&#xB0; semestre 1939, N&#xB0;76</subfield>
    <subfield code="9">45909</subfield>
  </datafield>
  <datafield tag="505" ind1=" " ind2=" ">
    <subfield code="a">Contenido: Un legado del capit&#xE1;n Garcilaso de la Vega a su hijo natural G&#xF3;mez Su&#xE1;rez. -- El Inca Garcilaso de la Vega. Miguel &#xC1;ngel Nieto. -- Inca Garcilaso de la Vega. Alfredo Y&#xE9;pez Miranda. -- Garcilaso de la Vega precursor de los estudios bot&#xE1;nicos en el Cuzco. Fortunato L. Herrera. -- El indio problema nacional. Rafael Larco Herrera. -- Apoteosis a Garcilaso poema. Hugo Fl&#xF3;rez U. -- Personalidad del Inca Garcilaso de la Vega padre de las letras americanas. Luis de Zulueta. -- La vida en Espa&#xF1;a de don G&#xF3;mez Su&#xE1;rez de Figueroa. Luis Alberto S&#xE1;nchez. -- Garcilaso de la Vega el hombre del doble destino. Rosa Arciniega. -- Inca Garcilaso de la Vega boceto dram&#xE1;tico. Edmundo Delgado Vivanco. -- El oro de Am&#xE9;rica y el Inca Garcilaso de la Vega. Julian Santisteban Ochoa. -- Cervantes y el Inca Garcilaso. A. Miro Quesada S. -- Conferencia en homenaje a Garcilaso. Luis A. Pardo. -- Elogio de Garcilaso de la Vega. Jos&#xE9; Gabriel Cos&#xED;o. -- El Inca Garcilaso de la Vega. Gonzalo Zaldumbide. -- Garcilaso de la Vega Chimpu Ocllo. Manuel E. Cuadros. -- Dos cantos al Inca Garcilaso de la Vega y Chimpu Occllo. Baltazar Jara y Eguileta. -- El IV Centenario del Inca Garcilaso de la Vega. Carlos R&#xED;os Pagaza. -- Garcilaso s&#xED;mbolo y simiente. Daniel E. Castillo.</subfield>
  </datafield>
  <datafield tag="650" ind1=" " ind2=" ">
    <subfield code="a">Cronistas</subfield>
    <subfield code="9">1200</subfield>
  </datafield>
  <datafield tag="650" ind1=" " ind2=" ">
    <subfield code="a">Inca Garcilaso de la Vega</subfield>
    <subfield code="9">300</subfield>
  </datafield>
  <datafield tag="700" ind1=" " ind2=" ">
    <subfield code="a">Y&#xE9;pez Miranda, Alfredo</subfield>
    <subfield code="9">4230</subfield>
  </datafield>
  <datafield tag="700" ind1=" " ind2=" ">
    <subfield code="a">Herrera, Fortunato L</subfield>
    <subfield code="9">31237</subfield>
  </datafield>
  <datafield tag="700" ind1=" " ind2=" ">
    <subfield code="a">S&#xE1;nchez, Luis Alberto</subfield>
    <subfield code="9">45910</subfield>
  </datafield>
  <datafield tag="700" ind1=" " ind2=" ">
    <subfield code="a">Delgado Vivanco, Edmundo</subfield>
    <subfield code="9">25661</subfield>
  </datafield>
  <datafield tag="700" ind1=" " ind2=" ">
    <subfield code="a">Arciniega, Rosa</subfield>
    <subfield code="9">28297</subfield>
  </datafield>
  <datafield tag="700" ind1=" " ind2=" ">
    <subfield code="a">Santisteban Ochoa, Juli&#xE1;n</subfield>
    <subfield code="9">29993</subfield>
  </datafield>
  <datafield tag="700" ind1=" " ind2=" ">
    <subfield code="a">Cos&#xED;o, Jos&#xE9; Gabriel</subfield>
    <subfield code="9">11720</subfield>
  </datafield>
  <datafield tag="700" ind1=" " ind2=" ">
    <subfield code="a">Pardo, Luis A</subfield>
    <subfield code="9">25736</subfield>
  </datafield>
  <datafield tag="700" ind1=" " ind2=" ">
    <subfield code="a">R&#xED;os Pagaza, Carlos</subfield>
    <subfield code="9">45911</subfield>
  </datafield>
  <datafield tag="710" ind1=" " ind2=" ">
    <subfield code="a">Universidad Nacional de San Antonio Abad del Cusco</subfield>
    <subfield code="9">15942</subfield>
  </datafield>
  <datafield tag="942" ind1=" " ind2=" ">
    <subfield code="2">ddc</subfield>
    <subfield code="c">PP</subfield>
  </datafield>
  <datafield tag="945" ind1=" " ind2=" ">
    <subfield code="a">rac</subfield>
  </datafield>
  <datafield tag="952" ind1=" " ind2=" ">
    <subfield code="0">0</subfield>
    <subfield code="2">ddc</subfield>
    <subfield code="4">0</subfield>
    <subfield code="7">0</subfield>
    <subfield code="a">HEM</subfield>
    <subfield code="b">HEM</subfield>
    <subfield code="c">CART</subfield>
    <subfield code="d">2021-04-26</subfield>
    <subfield code="g">10.00</subfield>
    <subfield code="o">Rev.Univ/N&#xB0;76/1939</subfield>
    <subfield code="p">REVC000065</subfield>
    <subfield code="r">2021-04-26</subfield>
    <subfield code="y">PP</subfield>
  </datafield>
  <datafield tag="952" ind1=" " ind2=" ">
    <subfield code="0">0</subfield>
    <subfield code="2">ddc</subfield>
    <subfield code="4">0</subfield>
    <subfield code="7">0</subfield>
    <subfield code="a">HEM</subfield>
    <subfield code="b">HEM</subfield>
    <subfield code="c">CART</subfield>
    <subfield code="d">2021-04-26</subfield>
    <subfield code="g">10.00</subfield>
    <subfield code="o">Rev.Univ/N&#xB0;76/1939/e.2</subfield>
    <subfield code="p">REVC000066</subfield>
    <subfield code="r">2021-04-26</subfield>
    <subfield code="y">PP</subfield>
  </datafield>
  <datafield tag="952" ind1=" " ind2=" ">
    <subfield code="0">0</subfield>
    <subfield code="2">ddc</subfield>
    <subfield code="4">0</subfield>
    <subfield code="7">0</subfield>
    <subfield code="a">HEM</subfield>
    <subfield code="b">HEM</subfield>
    <subfield code="c">CART</subfield>
    <subfield code="d">2021-04-26</subfield>
    <subfield code="g">10.00</subfield>
    <subfield code="o">Rev.Univ/N&#xB0;76/1939/e.3</subfield>
    <subfield code="p">REVC000067</subfield>
    <subfield code="r">2021-04-26</subfield>
    <subfield code="y">PP</subfield>
  </datafield>
</record>
